Music Quiz

Random Music or Song Quiz

Pink Floyd Songs Quiz Stats

 Plays Quiz Updated Nov 26, 2014

Score 0/166 Timer 15:00
9 Plays Today
album % Correct
Wish You Were HereWish You Were Here
89.1%
The Dark Side of the MoonMoney
88.4%
The Wall (LP 1)Another Brick in the Wall part 2
87.8%
The Wall (LP 1)Another Brick in the Wall part 1
87.8%
The Wall (LP 1)Another Brick in the Wall part 3
87.8%
The Dark Side of the MoonTime
84.2%
The Wall (LP 2)Comfortably Numb
80.5%
AnimalsPigs
80.4%
Wish You Were HereShine On You Crazy Diamond parts 1-5
80.4%
Wish You Were HereShine On You Crazy Diamond parts 6-9
80.4%
AnimalsDogs
78.7%
Wish You Were HereHave a Cigar
76.1%
The Dark Side of the MoonBreathe
75.8%
The Dark Side of the MoonEclipse
74.6%
AnimalsSheep
74.3%
The Dark Side of the MoonThe Great Gig in the Sky
74.1%
The Dark Side of the MoonUs and Them
73.7%
The Dark Side of the MoonBrain Damage
73.4%
Wish You Were HereWelcome to the Machine
73.1%
The Wall (LP 1)Mother
71.6%
MeddleEchoes
68.6%
AnimalsPigs On the Wing part 1
66.4%
AnimalsPigs On the Wing part 2
66.4%
The Wall (LP 2)Hey You
66.3%
The Dark Side of the MoonOn the Run
63.2%
The Dark Side of the MoonAny Colour You Like
63%
Atom Heart MotherAtom Heart Mother
62.4%
The Wall (LP 1)In the Flesh?
61%
The Wall (LP 2)In the Flesh
61%
The Wall (LP 2)The Trial
60.9%
The Dark Side of the MoonSpeak to Me
60.3%
The Wall (LP 2)Run Like Hell
60.3%
The Wall (LP 1)Young Lust
58.1%
A Momentary Lapse of ReasonLearning to Fly
57.3%
The Wall (LP 1)Goodbye Blue Sky
57.2%
The Wall (LP 2)Vera
56.4%
The Wall (LP 1)The Thin Ice
55.8%
MeddleOne of These Days
55.6%
The Piper at the Gates of DawnBike
54.5%
The Piper at the Gates of DawnAstronomy Domine
54%
UmmagummaAstonomy Domine (live)
54%
The Wall (LP 2)Outside the Wall
53.8%
A Saucerful of SecretsA Saucerful of Secrets
52.4%
UmmagummaA Saucerful of Secrets (live)
52.4%
The Wall (LP 1)The Happiest Days of Our Lives
50.6%
The Wall (LP 2)Waiting For the Worms
50.4%
The Final CutThe Final Cut
50.1%
The Wall (LP 2)Bring the Boys Back Home
49.8%
The Division BellHigh Hopes
49.2%
The Wall (LP 2)Is There Anybody Out There?
49.2%
MeddleSeamus
48.1%
The Endless RiverSum
47.8%
The Wall (LP 1)Goodbye Cruel World
47.4%
Obscured By CloudsObscured By Clouds
46.7%
A Saucerful of SecretsSet the Controls for the Heart of the Sun
46.3%
UmmagummaSet the Controls for the Heart of the Sun (live)
46.3%
album % Correct
The Wall (LP 1)One of My Turns
46.3%
MeddleSan Tropez
46.2%
MeddleFearless
45.2%
The Wall (LP 2)Stop
44.8%
The Wall (LP 1)Empty Spaces
44.8%
The Piper at the Gates of DawnInterstellar Overdrive
44.8%
Atom Heart MotherIf
44.1%
UmmagummaCareful With That Axe Eugene (live)
44%
The Wall (LP 2)Nobody Home
43.5%
Atom Heart MotherAlan's Psychedelic Breakfast
43.3%
Atom Heart MotherFat Old Sun
41.9%
The Wall (LP 2)The Show Must Go On
41.2%
MeddleA Pillow of Winds
40%
Atom Heart MotherSummer 68
39.7%
The Wall (LP 1)Don't Leave Me Now
38.9%
The Piper at the Gates of DawnLucifer Sam
38.8%
A Momentary Lapse of ReasonThe Dogs of War
38.4%
The Piper at the Gates of DawnThe Gnome
38%
A Saucerful of SecretsJugband Blues
37.5%
The Final CutNot Now John
36.7%
The Division BellMarooned
36.2%
The Final CutThe Fletcher Memorial Home
35.1%
The Piper at the Gates of DawnMatilda Mother
35.1%
The Division BellKeep Talking
34.9%
A Momentary Lapse of ReasonOn the Turning Away
34.7%
The Piper at the Gates of DawnThe Scarecrow
34.5%
A Saucerful of SecretsCorporal Clegg
34.3%
A Momentary Lapse of ReasonSorrow
33.1%
Soundtrack from the Film MoreThe Nile Song
32.1%
Obscured By CloudsWot's...Uh the Deal
31.6%
The Piper at the Gates of DawnPow R. Toc H.
31.4%
The Division BellWhat Do You Want From Me
30.9%
The Piper at the Gates of DawnChapter 24
30.7%
The Final CutThe Gunner's Dream
30.3%
A Saucerful of SecretsLet There Be More Light
30.1%
UmmagummaSysyphus part 1
29.9%
UmmagummaSysyphus part 2
29.9%
UmmagummaSysyphus part 3
29.9%
UmmagummaSysyphus part 4
29.9%
The Piper at the Gates of DawnFlaming
28.8%
Obscured By CloudsFree Four
28.8%
UmmagummaSeveral Species of Small Furry Animals Gathered Together in a Cave and Grooving with a Pict
28.8%
The Final CutTwo Suns in the Sunset
28.8%
The Piper at the Gates of DawnTake Up Thy Stethoscope and Walk
28.5%
The Final CutThe Post War Dream
28.1%
A Saucerful of SecretsRemember a Day
27.9%
A Saucerful of SecretsSee-Saw
27.4%
UmmagummaThe Narrow Way part 1
27.3%
UmmagummaThe Narrow Way part 2
27.3%
UmmagummaThe Narrow Way part 3
27.3%
The Division BellCluster One
27.1%
UmmagummaGrantchester Meadows
27%
Soundtrack from the Film MoreCymbaline
26.8%
UmmagummaThe Grand Vizier's Garden Party part 1
26.7%
UmmagummaThe Grand Vizier's Garden Party part 2
26.7%
UmmagummaThe Grand Vizier's Garden Party part 3
26.7%
album % Correct
Obscured By CloudsThe Gold It's in the...
26.3%
The Endless RiverLouder Than Words
26.2%
The Division BellComing Back to Life
26.1%
Soundtrack from the Film MoreGreen is the Colour
25.9%
Obscured By CloudsMudmen
25.8%
Obscured By CloudsChildhood's End
25.5%
The Division BellPoles Apart
25.2%
A Momentary Lapse of ReasonA New Machine part 1
25.1%
A Momentary Lapse of ReasonA New Machine part 2
25.1%
The Final CutSouthampton Dock
24.6%
The Division BellTake It Back
24.5%
A Momentary Lapse of ReasonOne Slip
24.3%
The Division BellA Great Day For Freedom
24.2%
The Final CutGet Your Filthy Hands Off My Desert
23%
Obscured By CloudsStay
23%
A Momentary Lapse of ReasonTerminal Frost
22.9%
Soundtrack from the Film MoreIbiza Bar
22.9%
The Division BellWearing the Inside Out
22.6%
Obscured By CloudsAbsolutely Curtains
22.5%
A Momentary Lapse of ReasonSigns of Life
22.2%
Soundtrack from the Film MoreCirrus Minor
22.2%
Obscured By CloudsBurning Bridges
22%
The Division BellLost for Words
21.4%
The Final CutYour Possible Pasts
21.3%
Soundtrack from the Film MoreMain Theme
20.9%
The Final CutParanoid Eyes
20.6%
The Final CutThe Hero's Return
20.6%
A Momentary Lapse of ReasonYet Another Movie
20.3%
Obscured By CloudsWhen You're In
19.6%
The Endless RiverAllons-Y (1)
19.6%
The Endless RiverAllons-Y (2)
19.6%
Soundtrack from the Film MoreA Spanish Piece
19.4%
The Final CutOne of the Few
18.8%
The Endless RiverAutumn '68
18.8%
Soundtrack from the Film MoreCrying Song
18.7%
Soundtrack from the Film MoreUp the Khyber
18.6%
The Endless RiverTalkin' Hawkin
17.8%
Soundtrack from the Film MoreMore Blues
17.6%
Soundtrack from the Film MoreQuicksilver
17.5%
Soundtrack from the Film MoreDramatic Theme
17.3%
A Momentary Lapse of ReasonRound and Around
15.7%
Soundtrack from the Film MoreParty Sequence
15.4%
The Endless RiverIt's What We Do
14.5%
The Endless RiverSkins
14.4%
The Endless RiverThings Left Unsaid
14.4%
The Endless RiverEbb and Flow
14.3%
The Endless RiverOn Noodle Street
13.6%
The Endless RiverAnisina
13.4%
The Endless RiverThe Lost Art of Conversation
11.9%
The Endless RiverSurfacing
11.9%
The Endless RiverUnsung
11.2%
The Endless RiverEyes to Pearls
10.9%
The Endless RiverCalling
10.6%
The Endless RiverNight Light
9.9%

You're not logged in!

Compare scores with friends on all Sporcle quizzes.
OR
Log In

Sporcle TV

Today on Sporcle TV


Watch our educational content, quiz creation guides, and fun videos on Sporcle TV.

Show Comments

Extras

Top Quizzes Today


Score Distribution

Your Account Isn't Verified!

In order to create a playlist on Sporcle, you need to verify the email address you used during registration. Go to your Sporcle Settings to finish the process.

Report this User

Report this user for behavior that violates our Community Guidelines.

Details: